Los Derechos económicos de los funcionarios de administración local / Antonio Pérez Luque
Descripción Física:
515 p. ; 23 cm
Colección:
Biblioteca Hesperia de ciencia jurídica
MARC
| LEADER | 00000nam a2200000Ia 4500 | ||
|---|---|---|---|
| 001 | 20043 | ||
| 008 | 160829s1982 xx 000 0 cat d | ||
| 080 | |a D-3-194 | ||
| 100 | |a Pérez Luque, Antonio |9 18053 | ||
| 245 | |a Los Derechos económicos de los funcionarios de administración local / Antonio Pérez Luque | ||
| 260 | |a Madrid : |b Hesperia, |c 1982 | ||
| 300 | |a 515 p. ; |c 23 cm | ||
| 490 | |a Biblioteca Hesperia de ciencia jurídica | ||
| 590 | |a 84-85808-15-0 | ||
| 650 | |a Funcionaris i empleats locals |x Salaris, etc. |x Dret i legislació |x Espanya |9 32406 | ||
| 901 | |a Arxiu | ||
| 942 | |n 1 | ||
| 952 | |0 1 |1 0 |2 udc |4 0 |5 2 |6 D3194 |7 1 |9 52403 |a Arxiu |b Arxiu |d 2016-12-01 |l 0 |o D-3-194 |p 20043 |r 2016-12-01 00:00:00 |w 2016-12-01 |y ARXIU | ||
| 999 | |c 56251 |d 56251 | ||